Utanç ve haset (Record no. 10221)

MARC details
000 -BAŞLIK
Sabit Uzunlukta Kontrol Alanı 01115na a2200349 4500
001 - KONTROL NUMARASI
Denetim Alanı 12642
003 - KONTROL NUMARASI IDENTIFIER
Denetim Alanı MIRAKIL
005 - SON İŞLEM TARİHİ VE ZAMANI
Denetim Alanı 20181213155311.0
008 - SABİT-BOY VERİ ELEMANLARI - GENEL BİLGİLER
Sabit Uzunlukta Kontrol Alanı 160824b tu 000 0
020 ## - ULUSLARARASI STANDART KİTAP NUMARASI
Uluslararası Standart Kitap Numarası 9786053993469
035 ## - SİSTEM KONTROL NUMARASI
Sistem Kontrol Numarası 12642
040 ## - KATALOGLAMA KAYNAK
Orijinal Kataloglama Ajansı Milas
Kataloglama Dili tur
Metne Dönüştürmek Ajansı TR-AnCHP
082 ## - DEWEY ONLU SINIFLANDIRMA NUMARASI
Sınıflandırma Numarası 152.4
Ürün Numarası K44u 2014
090 ## - SINIFLAMA NUMARASI
Sınıflama Numarası 152.4 K44u 2014
100 ## - ANA GİRİŞ - KİŞİSEL İSİM
Kişisel Ad Kilborne, Benjamin
245 ## - BAŞLIK TABLOSU
Başlık Utanç ve haset
Başlığın Kalan görünüm kaygısı ve kem göz
Sorumluluk Tablosu, Vb Benjamin Kilborne ; çeviren: Burçak Erdal ; editör: Sibel Mercan.
246 ## - UNVAN FORM VARYING
Başlık Doğru / Kısa Başlığı Görünüm kaygısı ve kem göz
260 ## - YAYIN, DAĞITIM, VB
Yayın, Dağıtım, Vb Yeri İstanbul
Yayıncı, Dağıtıcı, Vs Adı İstanbul Bilgi Üniversitesi Yayınları
Yayın, Dağıtım, Vb Tarihi 2014
300 ## - FİZİKSEL TANIM
Kapsam xvii, 270 s.
Boyutlar 23 sm.
490 ## - SERİSİ TABLOSU
Seri Beyanı Psike İstanbul Psikanaliz Kitaplığı Şimdi ve Burada
Hacim / Ardışık Tanımı 4
490 ## - SERİSİ TABLOSU
Seri Beyanı İstanbul Bilgi Üniversitesi yayınları
Hacim / Ardışık Tanımı 475
504 ## - KAYNAKÇA VB NOT
Kaynakça Vb Notu Dizin var.
650 ## - KONU KATMA GİRİŞ - TOPİKAL DÖNEM
Topikal Süreli Veya Coğrafi Ad Giriş Elemanı Beden imajı
650 ## - KONU KATMA GİRİŞ - TOPİKAL DÖNEM
Topikal Süreli Veya Coğrafi Ad Giriş Elemanı Çatışma (Psikoloji)
650 ## - KONU KATMA GİRİŞ - TOPİKAL DÖNEM
Topikal Süreli Veya Coğrafi Ad Giriş Elemanı Kaygı (Psikoloji)
650 ## - KONU KATMA GİRİŞ - TOPİKAL DÖNEM
Topikal Süreli Veya Coğrafi Ad Giriş Elemanı Kıskançlık (Psikoloji)
650 ## - KONU KATMA GİRİŞ - TOPİKAL DÖNEM
Topikal Süreli Veya Coğrafi Ad Giriş Elemanı Psikoloji
700 ## - KATMA GİRİŞ - KİŞİSEL İSİM
Kişisel Ad Demir, Türkay
700 ## - KATMA GİRİŞ - KİŞİSEL İSİM
Kişisel Ad Mercan, Sibel
700 ## - KATMA GİRİŞ - KİŞİSEL İSİM
Kişisel Ad Erdal, Burçak
942 ## - EKLENDİ GİRİŞ ELEMANLARI (KOHA)
Sınıflandırma Veya Raf Düzeni Kaynak Dewey Decimal Classification
Koha Öğesi Türü Books
999 ## - SİSTEM KONTROL NUMARALARI (KOHA)
Koha Biblionumber 10221
Koha Biblioitemnumber 10221
Holdings
Kalıcı Konum Mevcut Konum Edinme Tarihi Edinim Kaynak Toplam Check-Out'Lar Tam Çağrı Numarası Barkod Tarih Son Görülme İtibaren Geçerli Fiyatlar Koha Öğesi Türü
CHP Kütüphanesi CHP Kütüphanesi 07/29/2016 Bağış   152.4 K44u 2014 000165 07/29/2016 07/29/2016 Books